Варианты применения нетрадиционных источников энергии в жилом фонде города Томска; Сборник тезисов лауреатов Всероссийского конкурса научно-исследовательских работ студентов и аспирантов в области физических наук в рамках всероссийского фестиваля науки

Dades bibliogràfiques
Parent link:Сборник тезисов лауреатов Всероссийского конкурса научно-исследовательских работ студентов и аспирантов в области физических наук в рамках всероссийского фестиваля науки.— 2011.— С. 244
Autor principal: Афанасьев К. Ю.
Idioma:rus
Publicat: 2011
Matèries:
Format: MixedMaterials Capítol de llibre
KOHA link:https://koha.lib.tpu.ru/cgi-bin/koha/opac-detail.pl?biblionumber=244312

MARC

LEADER 00000naa2a2200000 4500
001 244312
005 20231031210822.0
035 |a (RuTPU)RU\TPU\book\265695 
035 |a RU\TPU\book\265694 
090 |a 244312 
100 |a 20131020d2011 k y0rusy50 ca 
101 0 |a rus 
102 |a RU 
200 1 |a Варианты применения нетрадиционных источников энергии в жилом фонде города Томска  |f К. Ю. Афанасьев 
463 0 |0 (RuTPU)RU\TPU\book\250354  |t Сборник тезисов лауреатов Всероссийского конкурса научно-исследовательских работ студентов и аспирантов в области физических наук в рамках всероссийского фестиваля науки  |o г. Томск, 25 мая-5 сентября 2011 г.  |f Национальный исследовательский Томский политехнический университет (ТПУ) ; под ред. В. П. Кривобокова, А. П. Потылицына, А. С. Гоголева, К. А. Козина  |v С. 244  |d 2011  |p 252 с. 
610 1 |a труды учёных ТПУ 
610 1 |a нетрадиционные источники энергии 
610 1 |a жилые дома 
610 1 |a Томск 
610 1 |a использование 
700 1 |a Афанасьев  |b К. Ю. 
801 1 |a RU  |b 63413507  |c 20131014 
801 2 |a RU  |b 63413507  |c 20131020  |g RCR 
942 |c BK